27th RSEP International Conference on Economics, Finance & Business Conference Proceedings / Full Papers, 8-9 September 2022 Madrid, Spain
Guardado en:
| Autor Corporativo: | |
|---|---|
| Otros Autores: | , |
| Formato: | Libro |
| Lenguaje: | inglés |
| Publicado: |
Ankara
BC Publishing
2022
|
| Edición: | 1st Edition |
| Materias: | |
| Etiquetas: |
Sin Etiquetas, Sea el primero en etiquetar este registro!
|
MARC
| LEADER | 00000nlm a2200000 4500 | ||
|---|---|---|---|
| 001 | 0288771 | ||
| 005 | 20240822101720.0 | ||
| 020 | |a 978-605-73146-3-5 | ||
| 041 | 0 | |a eng | |
| 044 | |a TR | ||
| 245 | 1 | 0 | |a 27th RSEP International Conference on Economics, Finance & Business |b Conference Proceedings / Full Papers, 8-9 September 2022 Madrid, Spain |c Edited by: M. Veysel Kaya, Patrycja Chodnicka - Jaworska |
| 250 | |a 1st Edition | ||
| 264 | 1 | |a Ankara |b BC Publishing |c 2022 | |
| 300 | |a [276 s.] | ||
| 610 | 2 | 0 | |a financie medzinárodné |
| 610 | 2 | 0 | |a obchod medzinárodný |
| 610 | 2 | 0 | |a ekonómia medzinárodná |
| 700 | 1 | |a Kaya, M. Veysel | |
| 700 | 1 | |a Chodnicka - Jaworska, Patrycja | |
| 110 | 2 | |a 27th RSEP International Conference on Economics, Finance & Business | |